Central Library OPAC University of Rajshahi

The principles of economic planning / (Record no. 45592)

MARC details
000 -LEADER
fixed length control field 00681cam a2200229 a 4500
001 - CONTROL NUMBER
control field 45592
003 - CONTROL NUMBER IDENTIFIER
rucl marc code BD-RjUL
005 - DATE AND TIME OF LATEST TRANSACTION
control field 20211209054035.0
008 - FIXED-LENGTH DATA ELEMENTS--GENERAL INFORMATION
fixed length control field 160727r1971 ii 000 0 eng
035 ## - SYSTEM CONTROL NUMBER
System control number (BD-RjUL)45710
040 ## - CATALOGING SOURCE
Original cataloging agency DLC
Transcribing agency DLC
Modifying agency BD-RjUL
Language of cataloging eng
041 ## - LANGUAGE CODE
Language code of text/sound track or separate title eng
082 00 - DEWEY DECIMAL CLASSIFICATION NUMBER
Classification number 338.9
Author mark and year LEP 1971
Edition number 23
100 1# - MAIN ENTRY--PERSONAL NAME
Personal name Lewis, W. Arthur
Fuller form of name (William Arthur),
Dates associated with a name 1915-
9 (RLIN) 6587
245 14 - TITLE STATEMENT
Title The principles of economic planning /
Statement of responsibility, etc. W. Arthur Lewis.
250 ## - EDITION STATEMENT
Edition statement 3rd ed.
260 ## - PUBLICATION, DISTRIBUTION, ETC. (IMPRINT)
Place of publication, distribution, etc. Bombay :
Name of publisher, distributor, etc. George Allan and Private Limited,
Date of publication, distribution, etc. 1969 [reprinted 1971]
300 ## - PHYSICAL DESCRIPTION
Pagination xii, 7-128 p. ;
Size 21 cm.
650 #0 - SUBJECT ADDED ENTRY--TOPICAL TERM
Topical term or geographic name as entry element Economic policy.
9 (RLIN) 17043
942 ## - ADDED ENTRY ELEMENTS (KOHA)
Source of classification or shelving scheme Dewey Decimal Classification
Koha item type Books
Holdings
Lost status Source of classification or shelving scheme Damaged status Not for loan Collection code Permanent Location Current Location Shelving location Date acquired Source of acquisition Cost, normal purchase price Total Checkouts Full call number Date last seen Copy number Koha item type
  Dewey Decimal Classification     Non-fiction Central Library, University of Rajshahi Central Library, University of Rajshahi   01/04/1974 Aligore Library 11.40   338.9 LEP 1971 27/07/2016 C-2 Books
  Dewey Decimal Classification     Non-fiction Central Library, University of Rajshahi Central Library, University of Rajshahi   01/04/1974 Aligore Library 11.40   338.9 LEP 1971 27/07/2016 C-3 Books